Daylight - David Kushner - All Lyrics - Statistics

General Stats
  • This quiz has been taken 625 times
    349 since last reset
  • The average score is 276 of 335
Answer Stats
Answer % Correct
I
99%
a
98%
the
98%
Oh,
97%
oh
97%
(Ooh)
97%
and
96%
love
96%
same
96%
at
95%
hate
95%
nighttime
95%
time
95%
it
94%
it,
94%
You
94%
you
94%
from
93%
From
93%
daylight
90%
daylight,
90%
poison
87%
vine
85%
runnin'
83%
drink
82%
in
80%
my
80%
there
78%
but
75%
But
75%
go
75%
know
74%
won't
73%
myself
72%
me
71%
Tellin'
71%
Telling
71%
all
70%
that
70%
Can
67%
darkness
67%
distance
67%
try,
65%
try
65%
don't
64%
care
62%
Hidin'
62%
lust
62%
of
62%
sins
62%
to
62%
way
62%
can't
61%
it's
61%
for
60%
our
60%
down
59%
down,
59%
last
59%
leave
59%
on
58%
resist
58%
There's
58%
I'm
57%
I’m
57%
I've
57%
end
56%
Please
55%
by
54%
we
54%
is
53%
been
51%
livin'
50%
light,
49%
Lord,
49%
might
49%
This
49%
forgiveness
48%
knees
48%
your
48%
beggin'
47%
find
47%
away
46%
Deep
46%
share
46%
blood
45%
both
45%
mercy
45%
any
44%
Tryna
44%
Two
44%
guilt
43%
wash
43%
sinners
42%
spare
42%
follow
41%
spilt
41%
burden
40%
again?
39%
prayer
39%
lone
38%
pride
37%
atone
34%
If
34%
Souls
33%
tied,
31%
intertwined
30%
No matching quizzes found
Score Distribution
Percent of People with Each Score
Percentile by Number Answered
Your Score History
You have not taken this quiz since the last reset